Państwa z biało czerwoną flagą - Statystyki

Ogólne statystyki
  • Ten quiz został rozwiązany 12 razy
    4 od ostatniego zresetowania
  • Średni wynik to 6 z 8
Statystyki odpowiedzi
Obrazkowy Odpowiedź % Poprawnych
Indonezja
100%
Polska
100%
Austria
75%
Japonia
75%
Łotwa
75%
Monako
75%
Peru
50%
Singapur
50%
Nie znaleziono quizów pasujących do podanych kryteriów
Rozkład punktacji
Procent ludzi z każdym wynikiem
Percentyl według liczby udzielonych odpowiedzi
Twoja historia wyników
Nie rozwiązałeś tego quizu od ostatniego zresetowania